000 00563cam a2200229ua 4500
001 10896
005 20260515114655.0
008 190615n ii |||gr||||Z||||||eng
020 _a9788194088455
040 _cMAIN
041 _aeng
082 _a305.42
100 _aSanjay Sen,
_eAuthor.
245 _aFeminism :
_btheory & practice /
_cBy Sanjay Sen .
250 _a1st ed.
260 _aDibrugarh:
_bMahaveer publications,
_c2019.
300 _a441p.
653 _aSocial groups
653 _aWomen
700 _aKushal Pegu,
_eAuthor.
942 _cBK
999 _c9842
_d9842